| 000 | 01778 a2200229 4500 | ||
|---|---|---|---|
| 001 | 41650 | ||
| 005 | 20260407155709.0 | ||
| 008 | 260407a1983 arg spa d | ||
| 003 | AR-UNSa-BCEJYS | ||
| 040 |
_aAR-UNSa-BCEJYS _bspa _cAR-UNSa-BCEJYS |
||
| 080 |
_a341.9 _xDerecho Internacional Privado. Conflictos de Leyes |
||
| 245 | 1 | 0 | _aDerecho internacional privado |
| 020 | _a950-14-0137-5 | ||
| 250 | _a2a. ed. | ||
| 264 | 1 |
_aBuenos Aires : _bEdiciones Depalma _c1983 |
|
| 300 |
_a2 v. (692 ; 736 p.) _c23 cm. |
||
| 505 | _aVol. I: 1. Desarrollo histórico del concepto del derecho internacional privado - 2. Comparación de tendencias conceptuales en los diversos sistemas de derecho internacional privado - 3. Concepto y sistema del derecho internacional privado - 4. El nuevo derecho internacional privado mediante la cooperación de las organizaciones internacionales - 5. Jurisdicción internacional argentina - 6. La norma de conflicto - 7. La norma material - 8. La norma de policía - 9. Personas - 10. Matrimonio - 11. Filiación - 12. Adopción - 13. Rapto internacional de niños - 14. Cosas - 15. Herencia - 16. Trust - 17. Sociedades comerciales -- Vol. II: 18. Contratos - 19. Letra de cambio - 20. Cheque - 21. Actos ilícitos - 22. Obligaciones en moneda extranjera - 23. Propiedad industrial e intelectual - 24. Concursos - 25. Exhortos - 26. Arbitraje comercial internacional - 27. Reconocimiento y ejecucción de sentencias extranjeras - 28. El acto administrativo extranjero - 29. Aplicación del derecho extranjero - 30. Inmunidad jurisdiccional de los estados y de las organizaciones internacionales - 31. Procesos interjurisdiccionales | ||
| 041 | _aspa | ||
| 942 | _cBK | ||
| 590 | _aniveau_biblio:m niveau_hierar:0 | ||
| 100 | 1 | _aBoggiano, Antonio | |
| 999 |
_c3517 _d3517 |
||